000 00335 a2200121 4500
001 ART_30322
005 20260410161604.0
008 260409a
245 1 0 _aActivos fijos
100 1 _aPriotto, Hugo C.
700 1 _aWerbin, Eliana M.
773 0 _tProfesional & Empresaria
_g- Año XVI, Nº 190 (jul. 2015)
_wREV70
999 _c9986
_d9986